Nombrar Imperios por su territorio - Estadísticas

Estadísticas generales
  • Esta prueba ha sido intentada 195 veces
  • La puntuación promedio es 10 de 16
Estadísticas de respuestas
Imagen Respuesta % Correcto
Imperio Español
91%
Imperio Romano
91%
Imperio Alemán
84%
Imperio Otomano
83%
Imperio Japonés
82%
Imperio Británico
81%
Imperio Mexicano
81%
Imperio Ruso
81%
Imperio Portugués
78%
Sacro Imperio
78%
Imperio Sueco
67%
Imperio Bizantino
66%
Tercer Reich
39%
Primer Imperio Francés
28%
Imperio Safávida
10%
Imperio Timurida
9%
No se encontraron pruebas coincidentes
Distribución de puntuación
Porcentaje de gente con cada puntuación
Porcentaje por número respondido
Historial de tus puntuaciones
No has intentado esta prueba.